Γράφω το χωριό με φως : το φωτογραφικό ταξίδι 8 μαθητών ενός χωριού της Σάμου

Αποθηκεύτηκε σε:
Λεπτομέρειες βιβλιογραφικής εγγραφής
Συλλογικό Έργο: Κοινωφελές Ίδρυμα Ιωάννη Σ. Λάτση, Δημοτικό Σχολείο Κοντακαιίκων Σάμου
Άλλοι συγγραφείς: Γιαννακόπουλος, Απόστολος (Συγγραφέας εισαγωγής κ.λπ.), Παπαϊωάννου, Άλεξ (Συγγραφέας εισαγωγής κ.λπ.), Ψαράκη, Λουκία (Συγγραφέας εισαγωγής κ.λπ.)
Μορφή: Βιβλίο
Γλώσσα:Greek
Δημοσίευση: [Αθήνα] : Εκτύπωση Φωτόλιο Α.Ε., [2019].
Θέματα:
Ετικέτες: Προσθήκη ετικέτας
Δεν υπάρχουν, Καταχωρήστε ετικέτα πρώτοι!

MARC

LEADER 00000cam a2200000 a 4500
001 1/119260
008 190620q2019####gr | ||| |||| ||gre||
040 |a GR-MyUa  |b gre  |c GR-MyUa  |e AACR2 
041 0 |a gre 
082 7 |a 778.943499  |2 (23) 
245 1 0 |a Γράφω το χωριό με φως :   |b το φωτογραφικό ταξίδι 8 μαθητών ενός χωριού της Σάμου /   |c Δημοτικό Σχολείο Κοντακαίικων Σάμου, Κοινωφελές Ίδρυμα Σ. Λάτση ; [πρόλογος] Αποστόλης Γιαννακόπουλος, Λουκία Ψαράκη, Άλεξ Παπαιωάννου.  
260 |a [Αθήνα] :   |b Εκτύπωση Φωτόλιο Α.Ε.,   |c [2019].  
300 |a 88 σ. :   |b φωτογρ. ασπρόμ.   |c 25 εκ.  
651 0 |a Samos (Greece : Municipality)  |x Pictorial works. 
700 1 |a Γιαννακόπουλος, Απόστολος,  |e aui 
700 1 |a Παπαϊωάννου, Άλεξ,  |e aui 
700 1 |a Ψαράκη, Λουκία,  |e aui 
710 2 |a Κοινωφελές Ίδρυμα Ιωάννη Σ. Λάτση. 
710 2 |a Δημοτικό Σχολείο Κοντακαιίκων Σάμου. 
852 |a INST  |b SAMOS  |e 20190620  |h 778.943499 ΓΡΑ  |p 005300045997  |q 005300045997  |t BK  |y 0 
970 |a Γουβάλα  |b Βάσω  |z 20-06-2019